| 000 | 00581cam a2200181 a 4500 | ||
|---|---|---|---|
| 001 | 000006165 | ||
| 005 | 20200929151945.0 | ||
| 008 | 850820s1984 pr a 000 p spa d | ||
| 040 |
_aDO-SdBNP _bspa _cBNPHU |
||
| 082 |
_aPR861.4 _bH557c |
||
| 100 | 1 |
_aHernández Pérez, Zenón. _917302 |
|
| 245 | 1 | 0 |
_aCapullos de mi jardín / _cZenón Hernández Pérez. |
| 260 |
_aLas Piedras, Puerto Rico : _bRamallo, _c1984. |
||
| 300 |
_a99 p. : _bil. ; _c20 cm. |
||
| 650 | 4 |
_aPoesía puertorriqueña _91015 |
|
| 650 | 4 |
_aLiteratura puertorriqueña _9250 |
|
| 910 | _aCatalogación por copia / LC | ||
| 999 |
_c5961 _d5961 |
||